Introduction á l'étude comparative des langues indoeuropéennes / (Record no. 173513)

MARC details
000 -LEADER
campo de control de longitud fija 00899nam a22002415i 4500
001 - NÚMERO DE CONTROL
campo de control 173513
003 - IDENTIFICADOR DE NÚMERO DE CONTROL
campo de control ES-MaACL
005 - FECHA Y HORA DE LA ÚLTIMA TRANSACCIÓN
campo de control 20250628063347.0
008 - DATOS DE LONGITUD FIJA--INFORMACIÓN GENERAL
campo de control de longitud fija 091203s1964 xxu |||| | fre d
080 ## - NÚMERO DE LA CLASIFICACIÓN DECIMAL UNIVERSAL
Número de la Clasificación Decimal Universal 809.1-52
100 1# - ENTRADA PRINCIPAL--NOMBRE DE PERSONA
Nombre de persona Meillet, Antoine (
Fechas asociadas al nombre 1866-1936)
9 (RLIN) 79843
245 10 - MENCIÓN DEL TÍTULO
Título Introduction á l'étude comparative des langues indoeuropéennes /
Mención de responsabilidad, etc. A. Meillet ; pref. by George C. Buck.
260 ## - PUBLICACIÓN, DISTRIBUCIÓN, ETC.
Lugar de publicación, distribución, etc. Alabama :
Nombre del editor, distribuidor, etc. University of Alabama Press,
Fecha de publicación, distribución, etc. [1964]
300 ## - DESCRIPCIÓN FÍSICA
Extensión XIV, 516 p. ;
Dimensiones 20 cm.
490 1# - MENCIÓN DE SERIE
Mención de serie Alabama linguistic and philological series ;
Designación de volumen o secuencia 3
500 ## - NOTA GENERAL
Nota general Donativo doctor Calles
650 14 - PUNTO DE ACCESO ADICIONAL DE MATERIA--TÉRMINO DE MATERIA
Término de materia o nombre geográfico como elemento de entrada Lenguas indoeuropeas-
Subdivisión general Gramática comparada.
9 (RLIN) 141719
700 1# - ENTRADA AGREGADA--NOMBRE PERSONAL
Nombre de persona Buck, George C.
9 (RLIN) 141720
830 0# - PUNTO DE ACCESO ADICIONAL DE SERIE-TÍTULO UNIFORME
Título uniforme Alabama linguistic and philological series ;
Designación de volumen o secuencia 3
9 (RLIN) 223558
852 ## - LOCALIZACIÓN
Ubicación ES-MaACL
Número de control de estantería E-13225
Ubicación en estantería Depósito 2
Donativo/Legado Donativo doctor Calles
942 ## - ELEMENTOS DE ENTRADA SECUNDARIOS (KOHA)
Fuente del sistema de clasificación o colocación Clasificación decimal universal
Holdings
Estatus retirado Estado de pérdida Estado de daño No para préstamo Biblioteca de origen Biblioteca actual Ubicación en estantería Fecha de adquisición Fuente de adquisición Total de préstamos Signatura topográfica completa Código de barras Visto por última vez Precio de reemplazo Tipo de ítem Koha
        Biblioteca del Ateneo de Madrid Biblioteca del Ateneo de Madrid Depósito 2 03/12/2009     E-13225 1182092 23/02/2023 23/02/2023 Libro impreso